00577nam a2200145Ia 4500008004100000020002200041041000800063082002500071100003500096245006700131260005100198300000900249999001900258952015400277230519s9999 xx 000 0 und d a978-93-88178-61-7 aeng aR/610.724/SIV/DB0879 aSivabalan T & Vimala G9180529 aTextbook Of Nursing Research And Statistics For Undergraduates bCBS Publishers & DistributorsaNew Delhic2019 a272p c159486d159486 001040708RaBTINbBTINd2021-09-27g525.00i1605l4m1oR/610.724/SIV/DB0879pBTIN-DB-879r2024-06-18 00:00:00s2024-06-04w2021-09-24yDBzDB0879